MARC

LEADER 00000nbm0a2200000 4500
001 352452
005 20231102010511.0
035 |a (RuTPU)RU\TPU\retro\9002 
090 |a 352452 
100 |a 20191225d1978 k y0rusy50 ca 
101 0 |a rus 
102 |a RU 
105 |a a m 001zy 
200 1 |a Изучение элементарных стадийрадиационно-химического разложения перхлората калия методом ЭПР  |e диссертация на соискание ученой степени кандидата химических наук  |f Б. А. Хисамов  |g Томский политехнический институт ; науч. рук. Ю. А. Захаров, Л. В. Сериков 
210 |a Томск  |c [Б. и.]  |d 1978 
215 |a 180 л.  |c ил. 
320 |a Библиогр.: с. 176-180 (103 назв.) 
606 1 |a Химические реакции разложения  |2 stltpush  |3 (RuTPU)RU\TPU\subj\70726  |9 84931 
606 1 |a Щелочные металлы, перхлораты  |x Химия  |2 stltpush  |3 (RuTPU)RU\TPU\subj\75075  |9 86956 
610 1 |a образцы 
610 1 |a облучение 
610 1 |a дозиметрия 
610 1 |a облученные образцы 
610 1 |a измерение 
610 1 |a оптические спектры 
610 1 |a перхлорат калия 
610 1 |a радиолиз 
610 1 |a парамагнитные продукты 
610 1 |a идентификация 
610 1 |a термические превращения 
610 1 |a фотохимические превращения 
610 1 |a диссертации 
610 1 |a труды учёных ТПУ 
675 |a 544.41(04)  |v 4 
675 |a 546.31(04)  |v 4 
700 1 |a Хисамов  |b Б. А. 
702 1 |a Захаров  |b Ю. А.  |c химик  |c профессор Томского политехнического университета, доктор химических наук  |c ректор Кемеровского государственного университета  |f 1938-  |g Юрий Александрович  |x TPU  |2 stltpush  |3 (RuTPU)RU\TPU\pers\19791  |4 727 
702 1 |a Сериков  |b Л. В.  |c российский химик  |c доцент Томского политехнического университета, кандидат химических наук  |f 1941-2010  |g Леонид Вениаминович  |2 stltpush  |3 (RuTPU)RU\TPU\pers\25624  |4 727 
712 0 2 |a Томский политехнический институт  |c (1944-1991)  |2 stltpush  |3 (RuTPU)RU\TPU\col\1123  |9 23521 
801 1 |a RU  |b 63413507  |c 20191225 
801 2 |a RU  |b 63413507  |c 20191225  |g RCR 
942 |c BK